Welcome to Marium Abdulla Library

Embrace knowledge with a breath of fresh air.

Browse Collection

Marium Abdulla Library

Persian Myths (Record no. 3545)

MARC details
000 -LEADER
fixed length control field 00440nam a2200205Ia 4500
001 - CONTROL NUMBER
control field 3150
003 - CONTROL NUMBER IDENTIFIER
control field OSt
005 - DATE AND TIME OF LATEST TRANSACTION
control field 20251204122138.0
008 - FIXED-LENGTH DATA ELEMENTS--GENERAL INFORMATION
fixed length control field 211022s9999 xx 000 0 und d
020 ## - INTERNATIONAL STANDARD BOOK NUMBER
International Standard Book Number 0714120820
040 ## - CATALOGING SOURCE
Transcribing agency IVS
082 ## - DEWEY DECIMAL CLASSIFICATION NUMBER
Classification number 398.2093 CUR
100 ## - MAIN ENTRY--PERSONAL NAME
Personal name Curtis, Vesta Sarkhosh
245 #0 - TITLE STATEMENT
Title Persian Myths
260 ## - PUBLICATION, DISTRIBUTION, ETC.
Place of publication, distribution, etc. London
260 ## - PUBLICATION, DISTRIBUTION, ETC.
Name of publisher, distributor, etc. British Museum Press
260 ## - PUBLICATION, DISTRIBUTION, ETC.
Date of publication, distribution, etc. 1993
300 ## - PHYSICAL DESCRIPTION
Extent 80
942 ## - ADDED ENTRY ELEMENTS (KOHA)
Koha item type Book
Source of classification or shelving scheme Dewey Decimal Classification
Suppress in OPAC No
Holdings
Date last seen Total checkouts Full call number Barcode Price effective from Koha item type Lost status Source of classification or shelving scheme Damaged status Not for loan Collection Withdrawn status Home library Current library Shelving location Date acquired Cost, normal purchase price Date last checked out
10/26/2021   398.2093 CUR 3150 10/26/2021 Book   Dewey Decimal Classification     Liberal Arts   Marium Abdulla Library Marium Abdulla Library Non-Ref 03/12/2008 2000.00  
09/08/2022 1 398.2093 CUR 7799 10/26/2021 Book   Dewey Decimal Classification     Liberal Arts   Marium Abdulla Library Marium Abdulla Library Non-Ref 12/11/2007 0.00 08/29/2022